000 00409nam a2200145Ia 4500
008 240729s9999 xx 000 0 und d
022 _a2090-2611
245 4 _aThe Egyptian Journal of Community Medicine
260 _aEgypt
260 _bEgyptian Community Medicine Association
650 _aMedicine
856 _uhttps://doaj.org/toc/16f816d56656427b8bb3047bc338705f
942 _2ddc
942 _cDOAJEJ
999 _c73426
_d73426
945 _a1
_bMadushi Gamage
_c1
_dMadushi Gamage